| 000 | 00897nam a2200313 a 4500 | ||
|---|---|---|---|
| 001 | 000113363 | ||
| 003 | CHAP | ||
| 005 | 20220329144350.0 | ||
| 008 | 170613s2011 mx a |r| ||||||spa d | ||
| 010 | _a109824 | ||
| 011 | _a110796 | ||
| 020 | _a9786073203111 | ||
| 040 | _cCHAP | ||
| 082 | 0 | 4 |
_a512 _bJ61 2011 |
| 100 | 1 |
_aJiménez, René _9132566 |
|
| 245 | 1 | 0 |
_aMatemáticas l : _bálgebra / _cpor René Jiménez. |
| 250 | _a2 ed. | ||
| 260 |
_aMéxico : _bPrentice Hall, _c2011. |
||
| 300 |
_a238 p. : _bil. |
||
| 590 |
_aE11695DGD _b10 _c20170613 _lUCH01 _h1227 |
||
| 590 |
_aE11695DGD _b10 _c20170613 _lUCH01 _h1229 |
||
| 590 |
_aE5765TAJ _b05 _c20170613 _lUCH01 _h0842 |
||
| 650 | 1 | 4 |
_aÁlgebra _xEnseñanza programada. _9132567 |
| 650 | 1 | 4 |
_aÁlgebra _xLibros de texto. _9132568 |
| 650 | 1 | 4 |
_aMatemáticas _xEnseñanza programda. _9132569 |
| 901 | _aBK | ||
| 942 | _cLIBRO | ||
| 942 | _n0 | ||
| 999 |
_c109824 _d109824 |
||